| 000 | 01143nam a22003257a 4500 | ||
|---|---|---|---|
| 003 | CHAP | ||
| 005 | 20220329141011.0 | ||
| 008 | 971013s1996 r 00010 d | ||
| 010 | _a61108 | ||
| 011 | _a62080 | ||
| 035 | _a66254 | ||
| 040 | _cCHAP | ||
| 090 | _aTesis | ||
| 100 | 0 | 0 |
_aPérez Miranda, Ramiro. _989850 |
| 245 | _aDistribución geográfica y ecológica del estafiate (Artemisia ludoviciana ssp. mexicana (Willd.) Keck) con énfasis en el Valle de México | ||
| 260 |
_aChapingo, Méx. : _bEl autor, _c1996 |
||
| 300 |
_a73 h. _b: ilus. ; gráfs. ; mapas |
||
| 502 | _aTesis (Ing. en Agroecología) -- UACH. Programa en Agroecología | ||
| 590 |
_aALEPH _b10 _c20130110 _lUCH01 _h1340 |
||
| 590 |
_aBATCH-UPD _b10 _c20130110 _lUCH01 _h0646 |
||
| 590 |
_aBATCH-UPD _b10 _c20130410 _lUCH01 _h0330 |
||
| 590 |
_aBATCH-UPD _b10 _c20130914 _lUCH01 _h0501 |
||
| 590 |
_aCONVERSION _b10 _c20130109 _lUCH01 _h1333 |
||
| 650 | 1 | 4 |
_aArtemisa. _97742 |
| 650 | 1 | 4 |
_aFitogeografía. _941157 |
| 901 | _aBK | ||
| 942 | _cFOLL | ||
| 949 |
_bBC _cTES _d-151426 _eTS1 _h29272 _i66254 _si |
||
| 949 |
_bBC _cTES _d33724000620449 _eTS2 _fc.2 _h29273 _i66254 _si |
||
| 999 |
_c61108 _d61108 |
||